| 000 | 00468nam a22001817a 4500 | ||
|---|---|---|---|
| 003 | CEME | ||
| 005 | 20210628204025.0 | ||
| 008 | 210114b xxu||||| |||| 00| 0 eng d | ||
| 020 | _a9781447144014 | ||
| 040 | _cceme | ||
| 082 | _a006.4 BUR | ||
| 100 |
_aBurge, Mark.J , Bowyer, Kevin.W _968305 |
||
| 245 | _aBurge, Mark.J , Bowyer, Kevin.W | ||
| 260 |
_aNEW YORK _bSPRINGER _c2013 |
||
| 300 | _aXVI, 407P | ||
| 650 |
_aIRIS RECOGNITION, _968306 |
||
| 942 |
_cBK _2ddc |
||
| 999 |
_c575908 _d575908 |
||